000 00499 a2200133 4500
020 _a5200006406
920 _a5-200-00640-6
100 1 _aBorkovskij, A.B..
_eAutor
700 1 _aZajcik, B.I..
_eAutor
700 1 _aBorovikova, L.I..
_eAutor
245 0 _aSlovar' po programirovaniju :
_banglijskij, russkij, nemeckij, francuzskij. Około 5000 terminov /
_cBorkovskij A.B., Zajcik B.I., Borovikova L.I..
710 2 _aRusskij Jazyk.
_eWydawca
_4pbl
260 _aMoskva :
_bRusskij Jazyk,
_c1991.
300 _a286 s.;
_c24 cm.
999 _c2116
_d2116